Studies in mediaeval culture / (Record no. 24888)
[ view plain ]
| 000 -LEADER | |
|---|---|
| fixed length control field | 00793nam a22002411a 4500 |
| 001 - CONTROL NUMBER | |
| control field | 24888 |
| 003 - CONTROL NUMBER IDENTIFIER | |
| rucl marc code | BD-RjUL |
| 005 - DATE AND TIME OF LATEST TRANSACTION | |
| control field | 20211209001118.0 |
| 008 - FIXED-LENGTH DATA ELEMENTS--GENERAL INFORMATION | |
| fixed length control field | 140315r19651929nyu b 001 0 eng d |
| 035 ## - SYSTEM CONTROL NUMBER | |
| System control number | (BD-RjUL)24957 |
| 040 ## - CATALOGING SOURCE | |
| Original cataloging agency | LC |
| Language of cataloging | eng |
| Transcribing agency | LC |
| Modifying agency | ABN-SNR |
| -- | BD-RjUL |
| 041 ## - LANGUAGE CODE | |
| Language code of text/sound track or separate title | eng |
| 082 04 - DEWEY DECIMAL CLASSIFICATION NUMBER | |
| Classification number | 901 |
| Author mark and year | HAS 1965 |
| 100 1# - MAIN ENTRY--PERSONAL NAME | |
| Personal name | Haskins, Charles Homer, |
| Dates associated with a name | 1870-1937. |
| 9 (RLIN) | 76591 |
| 245 10 - TITLE STATEMENT | |
| Title | Studies in mediaeval culture / |
| Statement of responsibility, etc. | Charles Homer Haskins. |
| 260 ## - PUBLICATION, DISTRIBUTION, ETC. (IMPRINT) | |
| Place of publication, distribution, etc. | New York : |
| Name of publisher, distributor, etc. | F. Ungar Pub. Co., |
| Date of publication, distribution, etc. | 1929 [reprinted 1965]. |
| 300 ## - PHYSICAL DESCRIPTION | |
| Pagination | viii, 294 p. ; |
| Size | 23 cm. |
| 504 ## - BIBLIOGRAPHY, ETC. NOTE | |
| Bibliography, etc | Includes bibliographical references and index. |
| 650 #0 - SUBJECT ADDED ENTRY--TOPICAL TERM | |
| Topical term or geographic name as entry element | Civilization, Medieval. |
| 9 (RLIN) | 76592 |
| Topical term or geographic name as entry element | Latin literature, Medieval and modern |
| General subdivision | History and criticism. |
| 9 (RLIN) | 76593 |
| 942 ## - ADDED ENTRY ELEMENTS (KOHA) | |
| Source of classification or shelving scheme | Dewey Decimal Classification |
| Koha item type | Books |
| Lost status | Source of classification or shelving scheme | Damaged status | Not for loan | Collection code | Permanent Location | Current Location | Shelving location | Date acquired | Source of acquisition | Cost, normal purchase price | Total Checkouts | Full call number | Date last seen | Copy number | Koha item type |
|---|---|---|---|---|---|---|---|---|---|---|---|---|---|---|---|
| Dewey Decimal Classification | Added to bundle | Non-fiction | Central Library, University of Rajshahi | Central Library, University of Rajshahi | Reading Room | 27/11/1968 | Zeitlinger. | 61.60 | 901 HAS 1965 | 15/03/2014 | C-1 | Books |